Asian Geography by Letter - N - Statistics

General Stats
  • This quiz has been taken 50,069 times
    31,966 since last reset
  • The average score is 11 of 20
Answer Stats
Clue Answer % Correct
Himalayan country Nepal
99%
Capital of India New Delhi
98%
City struck by an atomic bomb Nagasaki
95%
City where Jesus grew up Nazareth
88%
Probably the world's most repressive country North Korea
82%
Capital of Cyprus Nicosia
77%
Japanese for Japan Nihon
73%
Family name of 40% of Vietnamese people Nguyen
69%
Former capital of China brutally attacked by Japan in 1937 Nanjing
67%
Country in Indochina that annexed its southern counterpart in 1975 {North} {Vietnam}
57%
Capital of Myanmar since 2005 Naypyidaw
53%
Third largest city in Japan Nagoya
50%
Spice that originally comes from the Maluku Islands of Indonesia Nutmeg
42%
City whose name means "New Siberian" Novosibirsk
40%
Desert covering southern Israel Negev
36%
Southern Indian state whose capital is Chennai Tamil {Nadu}
35%
Japanese host of the 1998 Winter Olympics Nagano
28%
Major city in central India known for oranges and tigers Nagpur
19%
Capital of Okinawa Naha
17%
Fourth largest island of the Philippines Negros
13%
No matching quizzes found
Score Distribution
Percent of People with Each Score
Percentile by Number Answered
Your Score History
You have not taken this quiz since the last reset